| 000 | 01117njm a22002537a 4500 | ||
|---|---|---|---|
| 005 | 20100903144134.0 | ||
| 006 | a|||||r|||||00| 0 | ||
| 007 | sd ammalaaahaa | ||
| 008 | 100903t xxu||||| |||| 00| 0 eng d | ||
| 028 |
_aN 5721 _bHis Master's Voice |
||
| 035 | _aGR-246 | ||
| 100 |
_aNarayanrao Vyas _918037 |
||
| 245 |
_aJamunaatat sham khele hori : _cby Narayanrao Vyas _h[sound recording] _bbindravani sarang / |
||
| 246 | _aजमुनातट शाम खेले होरी / नारायणराव व्यास | ||
| 260 |
_aDum Dum, India _bHis Master's Voice |
||
| 300 |
_a1 sound disc [Gramophone Recording] _banalog, 33 1/3rpm ; _c9.5 in. (MP) _fGramaphone Records |
||
| 500 | _aBrief record | ||
| 505 | _aSide-2 अबनो कब हूँ कर जाति हो-बिहाग (aabno kab hoon kar jati ho-bihaag) (Narayanrao Vyas) | ||
| 650 |
_aClassical music _xExcerpts _zIndia _918040 |
||
| 700 | _918050 | ||
| 700 |
_aRoy, Juthika _918053 |
||
| 942 |
_2ddc _cGR |
||
| 999 |
_c43603 _d43603 |
||